Ist unsere Gesellschaft hinreichend zukunftsfähig?

Saved in:
Bibliographic Details
Main Author: Kirchhof, Paul (Author)
Format: Chapter/Article
Language:German
Published: 2004
In: Demographie und gesellschaftlicher Wandel
Year: 2004, Pages: 11-19
Online Access: Get full text
Author Notes:Paul Kirchhof

MARC

LEADER 00000caa a2200000 c 4500
001 1183485530
003 DE-627
005 20220810072731.0
007 tu
008 040917s2004 xx ||||| 00| ||ger c
035 |a (DE-627)1183485530 
035 |a (DE-576)113485530 
035 |a (DE-599)BSZ113485530 
035 |a (OCoLC)1340387118 
040 |a DE-627  |b ger  |c DE-627  |e rakwb 
041 |a ger 
084 |a 19  |2 sdnb 
100 1 |a Kirchhof, Paul  |d 1943-  |0 (DE-588)121398897  |0 (DE-627)081282281  |0 (DE-576)161714323  |4 aut 
245 1 0 |a Ist unsere Gesellschaft hinreichend zukunftsfähig?  |c Paul Kirchhof 
264 1 |c 2004 
300 |a 9 
336 |a Text  |b txt  |2 rdacontent 
337 |a ohne Hilfsmittel zu benutzen  |b n  |2 rdamedia 
338 |a Band  |b nc  |2 rdacarrier 
773 0 8 |i In  |t Demographie und gesellschaftlicher Wandel  |d Berlin : GDA, 2004  |g (2004), Seite 11-19  |h 184 S.  |w (DE-627)1613293909  |w (DE-576)113167040  |z 3980899586  |7 nnam  |a Ist unsere Gesellschaft hinreichend zukunftsfähig? 
773 1 8 |g year:2004  |g pages:11-19  |g extent:9  |a Ist unsere Gesellschaft hinreichend zukunftsfähig? 
951 |a AR 
992 |a 20130704 
993 |a BookComponentPart 
994 |a 2004 
998 |g 121398897  |a Kirchhof, Paul  |m 121398897:Kirchhof, Paul  |d 20000  |d 20300  |e 20000PK121398897  |e 20300PK121398897  |k 0/20000/  |k 1/20000/20300/  |p 1  |x j  |y j 
999 |a KXP-PPN1183485530  |e 2755225556 
BIB |a Y 
JSO |a {"relHost":[{"relMultPart":[{"dispAlt":"Walter-Raymond-Stiftung der BDA: Kolloquium / Walter-Raymond-Stiftung","physDesc":[{"noteFormat":"21 cm"}],"recId":"130401315","title":[{"title_sort":"Kolloquium / Walter-Raymond-Stiftung","title":"Kolloquium / Walter-Raymond-Stiftung"}],"corporate":[{"display":"Walter-Raymond-Stiftung der BDA","role":"aut"}],"type":{"bibl":"serial"},"titleAlt":[{"title":"Kolloquiumreihe"},{"title":"Kolloquium der Walter-Raymond-Stiftung"}],"disp":"Kolloquium / Walter-Raymond-Stiftung","id":{"eki":["130401315"],"zdb":["605331-2"]},"part":{"number_sort":["42"],"number":["42"]},"language":["ger"],"pubHistory":["1/3.1959/60(1960); 4.1964(1965) -52"],"note":["Fortgesetzt als einzelne Einheit"],"origin":[{"publisher":"GDA, Ges. für Marketing und Service der Dt. Arbeitgeber ; Westdt. Verl. ; Hegner ; Wirtschaftsverl. Bachem ; Schäffer-Poeschel","dateIssuedKey":"1960","publisherPlace":"Berlin ; Köln ; Opladen ; Köln ; Köln ; Stuttgart","dateIssuedDisp":"1960-2014"}]},{"physDesc":[{"noteFormat":"21 cm"}],"dispAlt":"Walter-Raymond-Stiftung der BDA: Veröffentlichungen der Walter-Raymond-Stiftung der BDA","title":[{"title":"Veröffentlichungen der Walter-Raymond-Stiftung der BDA","title_sort":"Veröffentlichungen der Walter-Raymond-Stiftung der BDA"}],"recId":"130401307","disp":"Kolloquium / Walter-Raymond-Stiftung","titleAlt":[{"title":"Veröffentlichungen der Walter-Raymond-Stiftung"}],"type":{"bibl":"serial"},"corporate":[{"display":"Walter-Raymond-Stiftung der BDA","role":"aut"}],"language":["ger"],"part":{"number_sort":["44"],"number":["44"]},"id":{"zdb":["605330-0"],"eki":["130401307"]},"pubHistory":["1.1960 -"],"origin":[{"dateIssuedKey":"1960","publisher":"GDA ; Westdt. Verl. ; Hegner ; Bachem ; Schäffer-Poeschel","dateIssuedDisp":"1960-","publisherPlace":"Berlin ; Köln ; Opladen ; Köln ; Köln ; Stuttgart"}]}],"origin":[{"dateIssuedDisp":"2004","publisherPlace":"Berlin","dateIssuedKey":"2004","publisher":"GDA"}],"type":{"bibl":"edited-book"},"person":[{"family":"Bude","given":"Heinz","display":"Bude, Heinz","role":"oth"},{"given":"Thomas","display":"Löffelholz, Thomas","family":"Löffelholz","role":"oth"}],"disp":"Ist unsere Gesellschaft hinreichend zukunftsfähig?Demographie und gesellschaftlicher Wandel","name":{"displayForm":["mit Beitr. von Heinz Bude ... sowie einer Bilanz von Thomas Löffelholz"]},"language":["ger"],"id":{"eki":["1613293909"],"isbn":["3980899586"]},"part":{"year":"2004","text":"(2004), Seite 11-19","pages":"11-19","extent":"9"},"recId":"1613293909","title":[{"title_sort":"Demographie und gesellschaftlicher Wandel","subtitle":"Berlin, 21. bis 23. März 2004","title":"Demographie und gesellschaftlicher Wandel"}],"physDesc":[{"noteIll":"graph. Darst.","extent":"184 S."}]}],"title":[{"title_sort":"Ist unsere Gesellschaft hinreichend zukunftsfähig?","title":"Ist unsere Gesellschaft hinreichend zukunftsfähig?"}],"recId":"1183485530","origin":[{"dateIssuedDisp":"2004","dateIssuedKey":"2004"}],"person":[{"family":"Kirchhof","given":"Paul","display":"Kirchhof, Paul","role":"aut"}],"physDesc":[{"extent":"9 S."}],"type":{"bibl":"chapter"},"name":{"displayForm":["Paul Kirchhof"]},"language":["ger"],"id":{"eki":["1183485530"]}} 
SRT |a KIRCHHOFPAISTUNSEREG2004